000 00290nam a2200109Ia 4500
008 220204s9999 xx 000 0 und d
082 _a633.72(02)
_bCOF
245 0 _aCoffee board office manual. V 2.
260 _aBangalore
_bCoffee Board
_c1959
650 _aCoffee board manual
942 _cBK
999 _c20101
_d20101